| 000 -LEADER | |
|---|---|
| fixed length control field | 00514nam a22001817a 4500 |
| 005 - DATE AND TIME OF LATEST TRANSACTION | |
| control field | 20260406124008.0 |
| 008 - FIXED-LENGTH DATA ELEMENTS--GENERAL INFORMATION | |
| fixed length control field | 260406b |||||||| |||| 00| 0 eng d |
| 020 ## - INTERNATIONAL STANDARD BOOK NUMBER | |
| ISBN | C-25-02-14566 |
| 041 ## - LANGUAGE CODE | |
| Language code of text/sound track or separate title | eng |
| 082 ## - DEWEY DECIMAL CLASSIFICATION NUMBER | |
| Classification number | 658.800954 SIN-R |
| 100 ## - MAIN ENTRY--AUTHOR NAME | |
| Personal name | SINGH, AWADHESH KUMAR AND PANDEY, SATYAPRAKASH |
| 245 ## - TITLE STATEMENT | |
| Title | RURAL MARKETING : INDIAN PERSPECTIVE [2ND ED. ] |
| 250 ## - EDITION STATEMENT | |
| Edition statement | 2ND ED. 2026 |
| 260 ## - PUBLICATION, DISTRIBUTION, ETC. (IMPRINT) | |
| Place of publication | NEW DELHI |
| Name of publisher | NEW AGE INTERNATIONAL P LTD |
| Year of publication | 2026 |
| 300 ## - PHYSICAL DESCRIPTION | |
| Number of Pages | 230;P |
| 650 ## - SUBJECT ADDED ENTRY--TOPICAL TERM | |
| Topical Term | MANAGEMENT |
| 942 ## - ADDED ENTRY ELEMENTS (KOHA) | |
| Koha item type | Books |
| Lost status | Damaged status | Collection code | Home library | Current library | Shelving location | Date acquired | Source of acquisition | Cost, normal purchase price | Serial Enumeration / chronology | Full call number | Accession Number | Koha item type |
|---|---|---|---|---|---|---|---|---|---|---|---|---|
| NEW ARRIVAL SHELF | JRU Library | JRU Library | Reference Section | 06/04/2026 | PURCHASE | 399.00 | LBI/000889 DATE-11-03-2026 | 658.800954 | 29423 | Books | ||
| NEW ARRIVAL SHELF | JRU Library | JRU Library | 06/04/2026 | PURCHASE | 399.00 | LBI/000889 DATE-11-03-2026 | 658.800954 | 29424 | Books |